[Event "26th Troya Open 2018"]
[Site "Canakkale"]
[Date "2018.08.11"]
[Round "9.14"]
[White "Istekli, Erdem"]
[Black "Sar, Can"]
[Result "1/2-1/2"]
[WhiteElo "1713"]
[BlackElo "1786"]
[Annotator "NA"]
[PlyCount "66"]
[EventDate "2018.08.06"]
[EventType "swiss"]
[EventCountry "TUR"]
[SourceTitle "playchess.com"]
[Source "ChessBase"]
[SourceQuality "1"]
[TimeControl "5400+30"]

1. e4 {[%emt 0:00:30] 2} c5 {[%emt 0:00:30] 2} 2. Nf3 {[%emt 0:00:30] 2} g6 {[%emt 0:00:30]} 3. d4 {[%emt 0:00:30]} cxd4 {[%emt 0:00:30]} 4. Qxd4 {[%emt 0:00:00]} Nf6 {[%emt 0:00:30]} 5. e5 {[%emt 0:00:00]} Nc6 {[%emt 0:00:30]} 6. Qa4 {[%emt 0:00:00]} Nd5 {[%emt 0:00:30]} 7. Qe4 {[%emt 0:00:00]} Nb6 {[%emt 0:00:00]} 8. Be2 {[%emt 0:07:30]} Bg7 {[%emt 0:03:00]} 9. O-O {[%emt 0:00:30]} O-O {[%emt 0:01:30]} 10. Nc3 {[%emt 0:08:30]} d5 {[%emt 0:04:30]} 11. exd6 {[%emt 0:01:30]} exd6 {[%emt 0:00:30]} 12. Bg5 {[%emt 0:21:30]} Qd7 {[%emt 0:06:30]} 13. Qh4 {[%emt 0:07:30]} Qg4 {[%emt 0:00:30]} 14. Rad1 {[%emt 0:03:30]} Qxh4 {[%emt 0:09:30]} 15. Bxh4 {[%emt 0:00:00]} Bf5 {[%emt 0:01:30]} 16. Rxd6 {[%emt 0:05:00]} Bxc2 {[%emt 0:00:30]} 17. Rc1 {[%emt 0:00:30]} Bf5 {[%emt 0:01:30]} 18. Rcd1 {[%emt 0:02:30]} Rfe8 {[%emt 0:00:30]} 19. Bb5 {[%emt 0:03:30]} Rac8 {[%emt 0:04:30]} 20. h3 {[%emt 0:02:30]} a6 {[%emt 0:07:30]} 21. Bxc6 {[%emt 0:00:30]} Rxc6 {[%emt 0:00:30]} 22. Rxc6 {[%emt 0:01:30]} bxc6 {[%emt 0:00:30]} 23. Nd4 {[%emt 0:03:30]} Be4 {[%emt 0:08:30]} 24. f3 {[%emt 0:03:30]} Bd5 {[%emt 0:04:30]} 25. Nxd5 {[%emt 0:02:30]} Bxd4+ {[%emt 0:00:30]} 26. Rxd4 {[%emt 0:00:30]} Nxd5 {[%emt 0:00:30]} 27. Kf2 {[%emt 0:03:30]} f5 {[%emt 0:00:00]} 28. Bg5 {[%emt 0:00:30]} Kf7 {[%emt 0:01:00]} 29. Ra4 {[%emt 0:02:30]} Ra8 {[%emt 0:02:30]} 30. Ke2 {[%emt 0:00:54]} Ke6 {[%emt 0:03:30] 6} 31. Kd3 {[%emt 0:01:57]} c5 {[%emt 0:04:30] 9} 32. Be3 {[%emt 0:01:25]} Nxe3 {[%emt 0:07:30] 1} 33. Kxe3 {[%emt 0:00:30]} Kd5 {[%emt 0:00:00] ] [%clk 0:28:0]} 1/2-1/2

[Event "26th Troya Open 2018"]
[Site "Canakkale"]
[Date "2018.08.11"]
[Round "9.15"]
[White "Ileri, Oktay"]
[Black "Celik, Meric"]
[Result "1-0"]
[WhiteElo "1697"]
[BlackElo "1471"]
[Annotator "NA"]
[PlyCount "79"]
[EventDate "2018.08.06"]
[EventType "swiss"]
[EventCountry "TUR"]
[SourceTitle "playchess.com"]
[Source "ChessBase"]
[SourceQuality "1"]
[TimeControl "5400+30"]

1. d4 {[%emt 0:00:30]} Nf6 {[%emt 0:00:30]} 2. c4 {[%emt 0:00:30]} c5 {[%emt 0:00:30]} 3. e3 {[%emt 0:00:30]} e6 {[%emt 0:02:30]} 4. Nf3 {[%emt 0:01:30]} cxd4 {[%emt 0:04:30]} 5. exd4 {[%emt 0:00:30]} d5 {[%emt 0:00:00]} 6. Bg5 {[%emt 0:00:30]} Be7 {[%emt 0:01:00]} 7. Nc3 {[%emt 0:00:30]} O-O {[%emt 0:05:30]} 8. c5 {[%emt 0:02:30]} Nc6 {[%emt 0:06:30]} 9. Bd3 {[%emt 0:23:30]} Bd7 {[%emt 0:12:30]} 10. a3 {[%emt 0:01:30]} b6 {[%emt 0:02:30]} 11. b4 {[%emt 0:00:30]} bxc5 {[%emt 0:00:30]} 12. bxc5 {[%emt 0:00:30]} h6 {[%emt 0:17:30]} 13. Bd2 {[%emt 0:04:30]} Re8 {[%emt 0:10:30]} 14. O-O {[%emt 0:00:30]} Bf8 {[%emt 0:00:30]} 15. Re1 {[%emt 0:00:30]} Nh7 {[%emt 0:08:30]} 16. h3 {[%emt 0:06:30]} f5 {[%emt 0:02:30]} 17. Bb5 {[%emt 0:08:30]} g5 {[%emt 0:09:05]} 18. Bxc6 {[%emt 0:00:30] 5} Bxc6 {[%emt 0:00:05]} 19. Ne5 {[%emt 0:00:30] 5} Qc7 {[%emt 0:00:16]} 20. Qh5 {[%emt 0:00:30] ]} Bg7 {[%emt 0:00:43]} 21. h4 {[%emt 0:02:30] 1} Bxe5 {[%emt 0:04:27]} 22. Rxe5 {[%emt 0:00:30] 4} Qg7 {[%emt 0:00:30]} 23. hxg5 {[%emt 0:00:30] 4} Nxg5 {[%emt 0:00:30]} 24. Rae1 {[%emt 0:00:30] 4} Qf6 {[%emt 0:02:13]} 25. Nxd5 {[%emt 0:03:30] ]} Bxd5 {[%emt 0:00:42]} 26. Rxd5 {[%emt 0:00:00] 9} Ne4 {[%emt 0:00:33]} 27. Rxe4 {[%emt 0:01:00] 5} fxe4 {[%emt 0:00:27]} 28. Re5 {[%emt 0:02:30] ]} Kh7 {[%emt 0:01:13]} 29. Rxe4 {[%emt 0:00:30] 6} Rg8 {[%emt 0:02:34] [%clk 0:04.56]} 30. Rf4 {[%emt 0:08:30]} Qg6 {[%emt 0:00:46]} 31. Qh3 {[%emt 0:00:30]} Rad8 {[%emt 0:00:30]} 32. Rh4 {[%emt 0:00:30]} Qb1+ {[%emt 0:04:26]} 33. Kh2 {[%emt 0:00:30]} Rg6 {[%emt 0:00:30]} 34. Rxh6+ {[%emt 0:00:30]} Kg7 {[%emt 0:00:30]} 35. Rh7+ {[%emt 0:00:30]} Kf8 {[%emt 0:00:30]} 36. Rh8+ {[%emt 0:00:30]} Rg8 {[%emt 0:00:30]} 37. Rxg8+ {[%emt 0:00:30]} Kxg8 {[%emt 0:00:30]} 38. Qxe6+ {[%emt 0:00:00]} Kh8 {[%emt 0:01:12]} 39. Qf6+ {[%emt 0:00:00]} Kg8 {[%emt 0:00:30]} 40. Qxd8+ {[%emt 0:00:00]} 1-0

[Event "26th Troya Open 2018"]
[Site "Canakkale"]
[Date "2018.08.11"]
[Round "9.16"]
[White "Altundasar, Yigit Bora"]
[Black "Cetinkaya, Umut Can"]
[Result "0-1"]
[WhiteElo "1538"]
[BlackElo "1593"]
[Annotator "NA"]
[PlyCount "106"]
[EventDate "2018.08.06"]
[EventType "swiss"]
[EventCountry "TUR"]
[SourceTitle "playchess.com"]
[Source "ChessBase"]
[SourceQuality "1"]
[TimeControl "5400+30"]

1. e4 {[%emt 0:00:30] 2} c5 {[%emt 0:00:30] 2} 2. Nf3 {[%emt 0:00:30] 2} e6 {[%emt 0:00:30]} 3. d4 {[%emt 0:00:30]} cxd4 {[%emt 0:00:30]} 4. Nxd4 {[%emt 0:00:00]} a6 {[%emt 0:00:00]} 5. a3 {[%emt 0:00:00]} Qc7 {[%emt 0:09:00]} 6. Nc3 {[%emt 0:01:30]} Nf6 {[%emt 0:00:30]} 7. Be2 {[%emt 0:01:30]} Nc6 {[%emt 0:00:30]} 8. Be3 {[%emt 0:03:30]} d6 {[%emt 0:05:30]} 9. O-O {[%emt 0:04:30]} Be7 {[%emt 0:01:30]} 10. Qd2 {[%emt 0:00:30]} Ne5 {[%emt 0:07:30]} 11. f3 {[%emt 0:01:30]} O-O {[%emt 0:06:30]} 12. Rad1 {[%emt 0:01:30]} b5 {[%emt 0:00:30]} 13. Rc1 {[%emt 0:06:30]} Bb7 {[%emt 0:01:30]} 14. Rfd1 {[%emt 0:00:30]} Rfd8 {[%emt 0:02:30]} 15. Bd3 {[%emt 0:04:30]} d5 {[%emt 0:12:30]} 16. exd5 {[%emt 0:06:30]} Nxd5 {[%emt 0:00:00]} 17. Nxd5 {[%emt 0:02:30]} Bxd5 {[%emt 0:01:00]} 18. Qf2 {[%emt 0:03:30]} Rab8 {[%emt 0:08:30]} 19. c3 {[%emt 0:09:30]} Nxd3 {[%emt 0:17:30]} 20. Rxd3 {[%emt 0:00:30]} Rd7 {[%emt 0:04:02]} 21. Rcd1 {[%emt 0:00:30] 8} Rbd8 {[%emt 0:04:27]} 22. Kh1 {[%emt 0:03:30] 1} Bb3 {[%emt 0:02:56]} 23. Re1 {[%emt 0:06:30] 5} e5 {[%emt 0:00:41]} 24. Nxb3 {[%emt 0:00:30] 5} Rxd3 {[%emt 0:01:10]} 25. Bb6 {[%emt 0:00:30] ]} Qb8 {[%emt 0:06:14]} 26. Bxd8 {[%emt 0:01:30] 0} Rxd8 {[%emt 0:00:54]} 27. Qe2 {[%emt 0:01:30] 6} Qd6 {[%emt 0:00:43]} 28. g3 {[%emt 0:02:30] 3} Bf6 {[%emt 0:01:53]} 29. Kg2 {[%emt 0:00:30] 3} Qd5 {[%emt 0:00:34]} 30. Qc2 {[%emt 0:00:30] ]} g6 {[%emt 0:00:43]} 31. Re2 {[%emt 0:01:30] 3 [%clk 0:34:0]} Bg5 {[%emt 0:01:57]} 32. Rf2 {[%emt 0:08:30]} f5 {[%emt 0:00:30]} 33. Re2 {[%emt 0:00:30]} Kf7 {[%emt 0:00:30]} 34. Kf2 {[%emt 0:00:30]} Qd6 {[%emt 0:00:30]} 35. Re1 {[%emt 0:02:30]} Bf6 {[%emt 0:01:24]} 36. Ke2 {[%emt 0:00:30]} Qd5 {[%emt 0:00:30]} 37. Rd1 {[%emt 0:00:30]} Qxd1+ {[%emt 0:00:30]} 38. Qxd1 {[%emt 0:00:00]} Rxd1 {[%emt 0:00:00]} 39. Kxd1 {[%emt 0:00:00]} Be7 {[%emt 0:00:29]} 40. Kd2 {[%emt 0:00:30]} Ke6 {[%emt 0:00:30]} 41. Kd3 {[%emt 0:00:30]} Kd5 {[%emt 0:00:15]} 42. Nd2 {[%emt 0:05:30]} Bg5 {[%emt 0:00:52]} 43. b3 {[%emt 0:01:30]} Bxd2 {[%emt 0:00:57]} 44. Kxd2 {[%emt 0:00:30]} e4 {[%emt 0:01:01]} 45. Ke3 {[%emt 0:00:00]} exf3 {[%emt 0:00:48]} 46. Kxf3 {[%emt 0:00:00]} a5 {[%emt 0:00:34]} 47. Ke3 {[%emt 0:00:30]} g5 {[%emt 0:00:34]} 48. h4 {[%emt 0:03:40]} h6 {[%emt 0:00:01]} 49. c4+ {[%emt 0:03:32]} bxc4 {[%emt 0:00:40]} 50. b4 {[%emt 0:00:06]} axb4 {[%emt 0:01:01]} 51. axb4 {[%emt 0:00:03]} Kc6 {[%emt 0:00:20]} 52. Kd4 {[%emt 0:00:44]} Kb5 {[%emt 0:00:30]} 53. Kc3 {[%emt 0:00:00]} gxh4 {[%emt 0:00:07]} 0-1

[Event "26th Troya Open 2018"]
[Site "Canakkale"]
[Date "2018.08.11"]
[Round "9.17"]
[White "Cevizci, Yusuf Baran"]
[Black "Guralp, Ozgur Ozan"]
[Result "1/2-1/2"]
[WhiteElo "1713"]
[BlackElo "1418"]
[Annotator "NA"]
[PlyCount "40"]
[EventDate "2018.08.06"]
[EventType "swiss"]
[EventCountry "TUR"]
[SourceTitle "playchess.com"]
[Source "ChessBase"]
[SourceQuality "1"]
[TimeControl "5400+30"]

1. e4 {[%emt 0:01:30]} e5 {[%emt 0:00:30]} 2. Nf3 {[%emt 0:02:30]} Nc6 {[%emt 0:00:30]} 3. Bc4 {[%emt 0:03:30]} Bc5 {[%emt 0:00:30]} 4. c3 {[%emt 0:02:30]} Nf6 {[%emt 0:01:30]} 5. d3 {[%emt 0:03:30]} d6 {[%emt 0:00:30]} 6. O-O {[%emt 0:01:30]} O-O {[%emt 0:01:30]} 7. h3 {[%emt 0:01:30]} a6 {[%emt 0:00:30]} 8. Re1 {[%emt 0:01:30]} Ba7 {[%emt 0:06:30]} 9. Bb3 {[%emt 0:00:30]} Ne7 {[%emt 0:02:30]} 10. Be3 {[%emt 0:03:30]} Ng6 {[%emt 0:01:30]} 11. Nbd2 {[%emt 0:02:30]} Re8 {[%emt 0:06:30]} 12. Nf1 {[%emt 0:01:30]} Be6 {[%emt 0:08:30]} 13. Bc2 {[%emt 0:02:30]} h6 {[%emt 0:03:30]} 14. d4 {[%emt 0:01:30]} c6 {[%emt 0:02:30]} 15. Ng3 {[%emt 0:01:30]} Qc7 {[%emt 0:10:30]} 16. Qd2 {[%emt 0:03:30]} Qe7 {[%emt 0:14:30]} 17. Nf5 {[%emt 0:03:30]} Qf8 {[%emt 0:02:30]} 18. Rad1 {[%emt 0:06:30]} d5 {[%emt 0:11:30]} 19. dxe5 {[%emt 0:01:30]} Nxe4 {[%emt 0:00:00]} 20. Bxe4 {[%emt 0:03:30]} dxe4 {[%emt 0:00:00]} 1/2-1/2

[Event "26th Troya Open 2018"]
[Site "Canakkale"]
[Date "2018.08.11"]
[Round "9.19"]
[White "Buyukbozkoyun, Baran"]
[Black "Ozkurt, Deniz"]
[Result "1/2-1/2"]
[WhiteElo "1582"]
[BlackElo "1635"]
[Annotator "NA"]
[PlyCount "128"]
[EventDate "2018.08.06"]
[EventType "swiss"]
[EventCountry "TUR"]
[SourceTitle "playchess.com"]
[Source "ChessBase"]
[SourceQuality "1"]
[TimeControl "5400+30"]

1. e4 {[%emt 0:00:30]} d5 {[%emt 0:00:30]} 2. exd5 {[%emt 0:00:30]} Qxd5 {[%emt 0:00:30]} 3. Nc3 {[%emt 0:00:30]} Qd6 {[%emt 0:00:30]} 4. d4 {[%emt 0:00:30]} Nf6 {[%emt 0:00:00]} 5. Nf3 {[%emt 0:00:30]} Bg4 {[%emt 0:00:00]} 6. Be2 {[%emt 0:02:30]} c6 {[%emt 0:00:30]} 7. O-O {[%emt 0:00:30]} Nbd7 {[%emt 0:00:30]} 8. Bg5 {[%emt 0:02:30]} e6 {[%emt 0:00:30]} 9. Qd2 {[%emt 0:00:30]} Qc7 {[%emt 0:00:00]} 10. Rad1 {[%emt 0:02:30]} Bd6 {[%emt 0:01:00]} 11. h3 {[%emt 0:00:30]} Bh5 {[%emt 0:00:00]} 12. Rfe1 {[%emt 0:02:30]} O-O {[%emt 0:01:00]} 13. Nh4 {[%emt 0:12:30]} Bxe2 {[%emt 0:02:30]} 14. Qxe2 {[%emt 0:02:30]} Bh2+ {[%emt 0:02:30]} 15. Kh1 {[%emt 0:02:30]} Bf4 {[%emt 0:00:30]} 16. Bxf4 {[%emt 0:00:00]} Qxf4 {[%emt 0:00:30]} 17. Nf3 {[%emt 0:00:00]} Nd5 {[%emt 0:00:30]} 18. Nxd5 {[%emt 0:02:30]} cxd5 {[%emt 0:02:30]} 19. Qe3 {[%emt 0:05:30]} Qxe3 {[%emt 0:00:30]} 20. Rxe3 {[%emt 0:00:30]} Rac8 {[%emt 0:00:00]} 21. c3 {[%emt 0:01:30]} Rc6 {[%emt 0:00:00]} 22. Ne5 {[%emt 0:00:30]} Nxe5 {[%emt 0:00:30]} 23. Rxe5 {[%emt 0:00:30]} b5 {[%emt 0:00:00]} 24. f4 {[%emt 0:00:30]} g6 {[%emt 0:00:00]} 25. g4 {[%emt 0:02:30]} Kg7 {[%emt 0:04:30]} 26. Re2 {[%emt 0:15:30]} Rb8 {[%emt 0:00:30]} 27. f5 {[%emt 0:00:30]} exf5 {[%emt 0:00:30]} 28. gxf5 {[%emt 0:00:30]} b4 {[%emt 0:00:30]} 29. cxb4 {[%emt 0:03:30]} Rxb4 {[%emt 0:01:30]} 30. fxg6 {[%emt 0:00:30]} hxg6 {[%emt 0:00:00]} 31. b3 {[%emt 0:01:30]} Rc3 {[%emt 0:04:00]} 32. Kg2 {[%emt 0:00:30]} a5 {[%emt 0:00:30]} 33. Rdd2 {[%emt 0:01:30]} a4 {[%emt 0:00:30]} 34. bxa4 {[%emt 0:00:30]} Rxa4 {[%emt 0:00:30]} 35. Re7 {[%emt 0:00:30]} Kf8 {[%emt 0:01:30]} 36. Re5 {[%emt 0:03:30]} Ra5 {[%emt 0:00:00]} 37. h4 {[%emt 0:02:30]} Rca3 {[%emt 0:00:00]} 38. Ree2 {[%emt 0:00:30]} Kg7 {[%emt 0:00:30]} 39. Rf2 {[%emt 0:01:30]} f6 {[%emt 0:01:30]} 40. Rc2 {[%emt 0:00:30]} f5 {[%emt 0:03:30]} 41. h5 {[%emt 0:02:30]} Kh6 {[%emt 0:03:30]} 42. hxg6 {[%emt 0:00:30]} Kxg6 {[%emt 0:00:30]} 43. Rce2 {[%emt 0:01:30]} Rd3 {[%emt 0:04:30]} 44. Re5 {[%emt 0:03:30]} Rxd4 {[%emt 0:00:30]} 45. Rexf5 {[%emt 0:00:30]} Rxa2 {[%emt 0:00:00]} 46. Rf6+ {[%emt 0:00:30]} Kg5 {[%emt 0:00:00]} 47. Rf8 {[%emt 0:02:30]} Rxf2+ {[%emt 0:00:30]} 48. Rxf2 {[%emt 0:00:00]} Rg4+ {[%emt 0:00:30]} 49. Kf1 {[%emt 0:01:00]} Re4 {[%emt 0:00:30]} 50. Rf8 {[%emt 0:01:30]} d4 {[%emt 0:00:30]} 51. Kf2 {[%emt 0:00:00]} Re5 {[%emt 0:01:30]} 52. Rd8 {[%emt 0:01:00]} Re4 {[%emt 0:00:00]} 53. Rf8 {[%emt 0:00:30]} Rf4+ {[%emt 0:00:00]} 54. Rxf4 {[%emt 0:00:30]} Kxf4 {[%emt 0:00:00]} 55. Ke2 {[%emt 0:00:30]} Ke4 {[%emt 0:00:00]} 56. Kd2 {[%emt 0:00:00]} d3 {[%emt 0:00:00]} 57. Kd1 {[%emt 0:01:00]} Kd4 {[%emt 0:00:00]} 58. Kd2 {[%emt 0:00:30]} Kc4 {[%emt 0:00:30]} 59. Kd1 {[%emt 0:00:00]} Kd5 {[%emt 0:00:00]} 60. Ke1 {[%emt 0:00:00]} Ke5 {[%emt 0:00:00]} 61. Kd1 {[%emt 0:00:30]} Ke4 {[%emt 0:00:30]} 62. Kd2 {[%emt 0:00:00]} Kd4 {[%emt 0:00:00]} 63. Kd1 {[%emt 0:00:00]} d2 {[%emt 0:00:00]} 64. Kxd2 {[%emt 0:00:00]} Ke5 {[%emt 0:00:30]} 1/2-1/2

[Event "26th Troya Open 2018"]
[Site "Canakkale"]
[Date "2018.08.11"]
[Round "9.20"]
[White "Ulupinar, Furkan"]
[Black "Kecili, Mustafa Firat"]
[Result "1-0"]
[WhiteElo "1412"]
[BlackElo "1713"]
[Annotator "NA"]
[PlyCount "77"]
[EventDate "2018.08.06"]
[EventType "swiss"]
[EventCountry "TUR"]
[SourceTitle "playchess.com"]
[Source "ChessBase"]
[SourceQuality "1"]
[TimeControl "5400+30"]

1. d4 {[%emt 0:00:30]} Nf6 {[%emt 0:00:30]} 2. c4 {[%emt 0:00:30]} g6 {[%emt 0:00:30]} 3. Nc3 {[%emt 0:00:30]} Bg7 {[%emt 0:00:30]} 4. e4 {[%emt 0:00:00]} d6 {[%emt 0:00:00]} 5. f3 {[%emt 0:00:00]} O-O {[%emt 0:00:00]} 6. Be3 {[%emt 0:00:00]} c5 {[%emt 0:02:30]} 7. dxc5 {[%emt 0:02:00]} dxc5 {[%emt 0:01:30]} 8. Qxd8 {[%emt 0:01:30]} Rxd8 {[%emt 0:00:30]} 9. Bxc5 {[%emt 0:00:00]} Nc6 {[%emt 0:00:30]} 10. Nge2 {[%emt 0:06:00]} Nd7 {[%emt 0:01:30]} 11. Be3 {[%emt 0:03:30]} Nde5 {[%emt 0:04:30]} 12. Nf4 {[%emt 0:01:30]} Nb4 {[%emt 0:04:30]} 13. Rd1 {[%emt 0:05:30]} Nc2+ {[%emt 0:03:30]} 14. Kf2 {[%emt 0:00:30]} Rxd1 {[%emt 0:04:30]} 15. Nxd1 {[%emt 0:00:30]} Nxe3 {[%emt 0:07:30]} 16. Nxe3 {[%emt 0:02:30]} Nc6 {[%emt 0:01:30]} 17. b3 {[%emt 0:04:30]} a5 {[%emt 0:02:30]} 18. Nd3 {[%emt 0:08:30]} Bd4 {[%emt 0:00:30]} 19. Ke2 {[%emt 0:01:30]} a4 {[%emt 0:13:30]} 20. b4 {[%emt 0:02:30]} Be6 {[%emt 0:05:30]} 21. Nd5 {[%emt 0:01:30]} Bxd5 {[%emt 0:04:30]} 22. exd5 {[%emt 0:01:30]} Ne5 {[%emt 0:01:30]} 23. Nxe5 {[%emt 0:00:30]} Bxe5 {[%emt 0:00:30]} 24. Kd3 {[%emt 0:01:30]} a3 {[%emt 0:00:30]} 25. c5 {[%emt 0:05:30]} b6 {[%emt 0:03:30]} 26. g3 {[%emt 0:06:30]} Ra4 {[%emt 0:01:30]} 27. f4 {[%emt 0:03:30]} Bc7 {[%emt 0:01:30]} 28. Kc3 {[%emt 0:04:30]} bxc5 {[%emt 0:01:30]} 29. bxc5 {[%emt 0:00:30]} Re4 {[%emt 0:02:30]} 30. Bc4 {[%emt 0:04:30]} Re3+ {[%emt 0:01:30]} 31. Kb4 {[%emt 0:00:30]} g5 {[%emt 0:01:30]} 32. fxg5 {[%emt 0:01:30]} Kg7 {[%emt 0:01:30]} 33. Rd1 {[%emt 0:00:30]} Kg6 {[%emt 0:00:30]} 34. Rf1 {[%emt 0:06:30]} Be5 {[%emt 0:02:30]} 35. Kb5 {[%emt 0:02:30]} Kxg5 {[%emt 0:01:30]} 36. Rxf7 {[%emt 0:00:30]} Bf6 {[%emt 0:00:30]} 37. c6 {[%emt 0:01:30] [%clk 0:22]} Re1 {[%emt 0:05:30]} 38. c7 {[%emt 0:01:30]} Rb1+ {[%emt 0:00:30]} 39. Kc5 {[%emt 0:00:00]} 1-0

[Event "26th Troya Open 2018"]
[Site "Canakkale"]
[Date "2018.08.11"]
[Round "9.21"]
[White "Ozen, Ali"]
[Black "Daloglu, Berkay"]
[Result "1-0"]
[WhiteElo "1575"]
[BlackElo "1635"]
[Annotator "NA"]
[PlyCount "115"]
[EventDate "2018.08.06"]
[EventType "swiss"]
[EventCountry "TUR"]
[SourceTitle "playchess.com"]
[Source "ChessBase"]
[SourceQuality "1"]
[TimeControl "5400+30"]

1. e4 {[%emt 0:00:30]} c5 {[%emt 0:07:30]} 2. Nf3 {[%emt 0:00:00]} e6 {[%emt 0:00:30]} 3. d4 {[%emt 0:00:00]} cxd4 {[%emt 0:00:30]} 4. Nxd4 {[%emt 0:00:00]} a6 {[%emt 0:00:00]} 5. g3 {[%emt 0:01:00]} Qc7 {[%emt 0:00:00]} 6. Bg2 {[%emt 0:00:30]} Nc6 {[%emt 0:00:30]} 7. Nc3 {[%emt 0:02:30]} Nf6 {[%emt 0:00:30]} 8. Nb3 {[%emt 0:03:30]} Be7 {[%emt 0:05:30]} 9. a4 {[%emt 0:01:30]} b6 {[%emt 0:00:30]} 10. O-O {[%emt 0:00:30]} Bb7 {[%emt 0:00:30]} 11. f4 {[%emt 0:10:30]} d6 {[%emt 0:01:30]} 12. Be3 {[%emt 0:07:30]} O-O {[%emt 0:04:30]} 13. Kh1 {[%emt 0:11:30]} g6 {[%emt 0:11:30]} 14. g4 {[%emt 0:06:30]} Nd7 {[%emt 0:01:30]} 15. Qe2 {[%emt 0:18:30]} Rad8 {[%emt 0:10:30]} 16. f5 {[%emt 0:04:30]} Nce5 {[%emt 0:05:30]} 17. Bh6 {[%emt 0:08:30]} Rfe8 {[%emt 0:00:30]} 18. fxe6 {[%emt 0:00:30]} fxe6 {[%emt 0:00:00]} 19. Nd4 {[%emt 0:02:04]} Bf6 {[%emt 0:02:00] 6} 20. g5 {[%emt 0:07:46]} Bg7 {[%emt 0:06:30] 0} 21. Bxg7 {[%emt 0:01:00]} Kxg7 {[%emt 0:00:30] 0} 22. Qf2 {[%emt 0:02:39]} Re7 {[%emt 0:02:30] 1} 23. Qh4 {[%emt 0:03:39]} Kg8 {[%emt 0:01:30] ]} 24. Qh3 {[%emt 0:05:09]} Rde8 {[%emt 0:01:30] 3} 25. Rf2 {[%emt 0:00:54]} Qc5 {[%emt 0:00:30] 1} 26. Rd2 {[%emt 0:00:39]} Nc4 {[%emt 0:00:30] 0} 27. Nb3 {[%emt 0:01:07] [%clk 0:00.33]} Qxg5 {[%emt 0:07:30]} 28. Rd4 {[%emt 0:00:21]} Nde5 {[%emt 0:09:30]} 29. Re1 {[%emt 0:01:07]} Rf8 {[%emt 0:00:30]} 30. Qg3 {[%emt 0:00:30]} Qxg3 {[%emt 0:00:30]} 31. hxg3 {[%emt 0:00:30]} Rf2 {[%emt 0:03:06]} 32. Re2 {[%emt 0:00:01]} Ref7 {[%emt 0:02:53]} 33. Kg1 {[%emt 0:00:23]} Rxe2 {[%emt 0:00:58]} 34. Nxe2 {[%emt 0:00:04]} g5 {[%emt 0:02:38]} 35. Nd2 {[%emt 0:00:16]} Nxd2 {[%emt 0:02:03]} 36. Rxd2 {[%emt 0:00:02]} Rd7 {[%emt 0:00:31]} 37. b3 {[%emt 0:01:17]} h5 {[%emt 0:01:07]} 38. Nd4 {[%emt 0:00:28]} Kf7 {[%emt 0:01:16]} 39. Nf3 {[%emt 0:01:02]} Nxf3+ {[%emt 0:00:20]} 40. Bxf3 {[%emt 0:00:10]} g4 {[%emt 0:00:09]} 41. Bg2 {[%emt 0:00:13]} Kf6 {[%emt 0:01:14]} 42. Kf2 {[%emt 0:00:01]} Ke5 {[%emt 0:00:14]} 43. Ke3 {[%emt 0:00:23]} Rc7 {[%emt 0:01:35]} 44. c4 {[%emt 0:01:32]} Rf7 {[%emt 0:01:28]} 45. Rd1 {[%emt 0:00:20]} Bc6 {[%emt 0:00:35]} 46. Rh1 {[%emt 0:00:27]} Rh7 {[%emt 0:01:02]} 47. Rf1 {[%emt 0:00:03]} b5 {[%emt 0:00:57]} 48. cxb5 {[%emt 0:01:14]} axb5 {[%emt 0:00:01]} 49. Rc1 {[%emt 0:00:35]} Be8 {[%emt 0:01:03]} 50. Rc8 {[%emt 0:00:32]} Bg6 {[%emt 0:00:30]} 51. Rg8 {[%emt 0:00:30]} Kf6 {[%emt 0:00:30]} 52. a5 {[%emt 0:00:30]} b4 {[%emt 0:00:30]} 53. a6 {[%emt 0:00:28]} Ra7 {[%emt 0:03:48]} 54. Bf1 {[%emt 0:00:13]} Bf7 {[%emt 0:00:36]} 55. Rb8 {[%emt 0:00:05]} e5 {[%emt 0:00:21]} 56. Rxb4 {[%emt 0:00:30]} d5 {[%emt 0:00:30]} 57. Rb6+ {[%emt 0:00:30]} Ke7 {[%emt 0:00:30]} 58. Rb7+ {[%emt 0:00:00]} 1-0